Elenca la formazione - Quiz n°160 - Statistics

Statistiche generali
  • Questo quiz è stato fatto 61 volte
  • Il punteggio medio è 8 su 11
Statistiche sulle risposte
Ruolo Nazione Calciatore % Corretto
Attaccante Italia Francesco Totti
98%
Centrocampista Italia Daniele De Rossi
94%
Attaccante Costa d'Avorio Gervinho
94%
Centrocampista Paesi Bassi Kevin Strootman
87%
Difensore Marocco Mehdi Benatia
85%
Centrocampista Belgio Radja Nainggolan
83%
Portiere Italia Morgan De Sanctis
73%
Difensore Brasile Maicon
58%
Difensore Grecia Vasilīs Torosidīs
56%
Difensore Brasile Leandro Castán
35%
Attaccante Italia Alessandro Florenzi
33%
Nessun quiz corrispondente trovato
Distribuzione punteggi
Percentuale di utenti per punteggio
Percentile per numero di risposta
I tuoi punteggi nel tempo
Non hai fatto questo quiz